Las guerras púnicas

Saved in:
Bibliografiske detaljer
Hovedforfatter: Barceló, Pedro (Author)
Format: Bog
Sprog:spansk
Udgivet: Madrid Síntesis S.A 2019
Udgivelse:1a. ed
Serier:Temas de Historia Antigua, 5
Fag:
Tags: Tilføj Tag
Ingen Tags, Vær først til at tagge denne postø!

MARC

LEADER 00000cam a2200000 a 4500
001 UCC8635
003 CL-VaPUC
005 20241014131100.0
008 190802e20190000sp |||||||||||||||||spa|d
020 |a 9788491712404 
040 |c Pontificia Universidad Católica de Valparaíso 
082 0 4 |a 937.04  |b BAR  |2 21 
100 0 |a Barceló, Pedro  |e author  |9 603338 
245 1 4 |a Las guerras púnicas 
250 |a 1a. ed 
260 |a Madrid  |b Síntesis S.A  |c 2019 
300 |a 227 p 
490 0 |a Temas de Historia Antigua, 5 
583 |a last modification  |c 20190802 10:24:00  |k Rodrigo Vera 
650 0 |a Guerras púnicas  |9 318990 
650 0 |a Imperio Romano  |9 322785 
942 |c BK 
945 |d 20190802 10:24:00  |a dcastane 
999 |c 374905  |d 374903 
952 |0 0  |1 0  |3 erb  |4 0  |6 937_040000000000000_BAR_2019  |7 0  |8 A  |9 493673  |a BIBHIS  |b BIBHIS  |i 5556686  |o 937.04 BAR 2019  |p 5556686  |r 2025-01-20  |w 2019-11-24  |y BK  |z Catalogado en:20190802  |k HIS